Pohľady mladých ľudí na migráciu a migrantov

Výsledky výskumu postojov mladých ľudí k medzinárodnej migrácii a migrantom. Cieľom výskumu bolo zistiť, ako na tento segment nazerá mladá generácia, aké vedomosti majú mladí ľudia o medzinárodnom pohybe pracovnej sily, prípadne osobné skúsenosti s migrantami, alebo ako vnímajú nové náboženské menši...

ver descrição completa

Na minha lista:
Detalhes bibliográficos
Autor principal: Štefančík, Radoslav, 1976-
Formato: Capítulo de Livro
Idioma:eslovaco
Assuntos:
Tags: Adicionar Tag
Sem tags, seja o primeiro a adicionar uma tag!

MARC

LEADER 00000naa a2200000 4500
001 0163364
005 20240502072834.8
041 0 |a slo 
044 |a SK 
245 1 0 |a Pohľady mladých ľudí na migráciu a migrantov  |c Radoslav Štefančík 
520 |a Výsledky výskumu postojov mladých ľudí k medzinárodnej migrácii a migrantom. Cieľom výskumu bolo zistiť, ako na tento segment nazerá mladá generácia, aké vedomosti majú mladí ľudia o medzinárodnom pohybe pracovnej sily, prípadne osobné skúsenosti s migrantami, alebo ako vnímajú nové náboženské menšiny. 
610 2 0 |a migrácia 
610 2 0 |a imigrácia 
610 2 0 |a cudzinci 
610 2 0 |a pohyb síl pracovných medzinárodný 
610 2 0 |a náboženstvo 
610 2 0 |a kultúra 
610 2 0 |a výskum 
610 2 0 |a mládež 
610 2 0 |a Slovensko 
100 1 |a Štefančík, Radoslav, 1976-